000 00487nam a2200145Ia 4500
008 210210b1967 xxu||||| |||| 00| 0 eng d
082 _a303.40262 INDR
100 _aINDIA (Government of).
245 _aRegional variations in social development and levels of living- a study of the impact of plan programmes. Vol 1.
260 _aDelhi.
_bP E Organisation Publications Commission Govt of India.,
_c1967
300 _aii,154
440 _a1
690 _aSocial Change
906 _a026767
999 _c78073
_d78073